000 00247nam a2200109Ia 4500
005 20251222152717.0
008 251222s9999||||xx |||||||||||||| ||spa||
082 _a800/H37
100 _aHelguero, Lorenzo
245 0 _aSapiente Lengua
942 _cLIB
999 _c29420
_d29420